00373nam a2200121Ia 4500008004100000082001000041100003900051245002400090260008100114300000800195630002400203730002400227100204s9999 xx 000 0 und d b11255 aवैद्य सुरेश aकधी कधी b"प्रयत्न प्रकाशन , औदुंबर"c1988 a204 aकधी कधी aकधी कधी